Bytom - quiz wielokrotnego wyboru - Statystyki

Ogólne statystyki
  • Ten quiz został rozwiązany 48 razy
  • Średni wynik to 6 z 10
Statystyki odpowiedzi
Zagadnienie Odpowiedź % Poprawnych
Która flaga jest flagą Bytomia?
95%
Z którym z wymienionych miast Bytom nie graniczy? Mikołów
90%
Jaka rzeka przepływa przez Bytom? Bytomka
73%
Od którego z wymienionych miast Bytom jest większy? (powierzchnia) Rydułtowy
66%
Plac którego generała znajduje się w Bytomiu? Władysława Sikorskiego
63%
Jak się nazywa największa dzielnica Bytomia? Miechowice
54%
Jak się nazywa kolonia robotnicza zbudowana w latach 1897-1901 położona w Bytomiu? Kolonia Zgorzelec
46%
Od roku 1987 ile osób straciło miasto Bytom? około 95 tysięcy
46%
Ile razy drużyny piłkarskie z Bytomia zdobyły Mistrzostwo Polski? Trzy
37%
W którym wieku został założony Bytom? X w.
22%
Nie znaleziono quizów pasujących do podanych kryteriów
Rozkład punktacji
Procent ludzi z każdym wynikiem
Percentyl według liczby udzielonych odpowiedzi
Twoja historia wyników
Nie rozwiązałeś tego quizu